Personaje escritor o escritura personaje, en el obsceno pájaro de la noche
La metamorfosis de (los) personaje(s) se develan como metáfora autorreflexiva de la estética narcisista en el análisis de la novela de José Donoso
محفوظ في:
| المؤلف الرئيسي: | |
|---|---|
| التنسيق: | غير معروف |
| منشور في: |
Venezuela:
Universidad Simón Bolivar,
|
| الموضوعات: | |
| الوسوم: |
إضافة وسم
لا توجد وسوم, كن أول من يضع وسما على هذه التسجيلة!
|
MARC
| LEADER | 000000000a22000000004500 | ||
|---|---|---|---|
| 001 | 000049 | ||
| 022 | |a 0798-958-X | ||
| 100 | 1 | |a Gaspar, Catalina | |
| 245 | 1 | 0 | |a Personaje escritor o escritura personaje, en el obsceno pájaro de la noche |
| 260 | |a Venezuela: |b Universidad Simón Bolivar, | ||
| 310 | |a semestral | ||
| 520 | |a La metamorfosis de (los) personaje(s) se develan como metáfora autorreflexiva de la estética narcisista en el análisis de la novela de José Donoso | ||
| 650 | 4 | |a DONOSO, JOSE, 1925- | |
| 650 | 4 | |a LITERATURA LATINOAMERICANA | |
| 650 | 4 | |a PERSONAJES | |
| 650 | 4 | |a ESCRITURA | |
| 650 | 4 | |a DIALOGO POETICO | |
| 650 | 4 | |a EL OBSCENO PAJARO DE LA NOCHE | |
| 773 | 0 | |t Estudios: Revista de Investigaciones Literarias | |
| 773 | 0 | |g 2 | |
| 773 | 0 | |g 3 | |
| 773 | 0 | |g 1994 | |
| 773 | 0 | |g 207-225 | |
| 999 | |c 799 |d 799 | ||
